| 000 | 02068cam a2200337 i 4500 | ||
|---|---|---|---|
| 001 | 21395945 | ||
| 003 | JO-AjAnu | ||
| 005 | 20231127112744.0 | ||
| 008 | 200123r20201990nyua b 001 0 eng | ||
| 010 | _a 2020002214 | ||
| 020 |
_a9780486842332 _q(trade paperback) |
||
| 040 |
_aDLC _beng _cDLC _erda _dDLC _dANU |
||
| 042 | _apcc | ||
| 050 | 0 | 0 |
_aQA404.5 _b.R58 2020 |
| 082 | 0 | 0 |
_a515/.88 _223 |
| 100 | 1 |
_aRivlin, Theodore J., _d1926-2006, _eauthor. |
|
| 245 | 1 | 0 |
_aChebyshev polynomials : _bfrom approximation theory to algebra & number theory / _cTheodore J. Rivlin. |
| 250 | _aSecond edition. | ||
| 264 | 1 |
_aMineola, New York : _bDover Publications, Inc., _c2020. |
|
| 300 |
_axiii, 249 pages : _billustrations ; _c23 cm |
||
| 336 |
_atext _btxt _2rdacontent |
||
| 337 |
_aunmediated _bn _2rdamedia |
||
| 338 |
_avolume _bnc _2rdacarrier |
||
| 500 | _aThis Dover edition, first published in 2020, is an unabridged republication of the second edition of Chebyshev Polynomials: From Approximation Theory to Algebra and Number Theory, originally published in 1990 by John Wiley & Sons, Inc., New York, as part of their "Pure and Applied Mathematics" series. The first edition was published by Wiley in 1974. | ||
| 504 | _aIncludes bibliographical references (pages 234-343) and index. | ||
| 520 |
_a"This survey of the most important properties of the Chebyshev polynomials encompasses several areas of mathematical analysis: interpolation theory, orthogonal polynomials, approximation theory, numerical integration, numerical analysis, and ergodic theory. Originally published in 1974, the text was updated in 1990; this reprint of the second edition corrects various errors and features new material, including a chapter introducing elementary algebraic and number theoretic properties of Chebyshev polynomials"-- _cProvided by publisher. |
||
| 650 | 0 | _aChebyshev polynomials. | |
| 906 |
_a7 _bcbc _corignew _d1 _eecip _f20 _gy-gencatlg |
||
| 942 |
_2lcc _cBK _n0 |
||
| 999 |
_c33167 _d33167 |
||